000 01034nam a2200265 a 4500
001 000023913
005 20200930022551.0
008 110117s1973 ck a r 000 0 spa d
040 _aDO-SdBNP
_bspa
_cBNPHU
082 _a515.63
_bH873a
100 1 _aHsu, Hwei P.
_949186
245 1 0 _aAnálisis vectorial /
_cHwei P. Hsu ; editor Raj Mehra ; versión en español de Hernando Alfonso Castillo con la colaboración de Alejandro Montes Gómez Daza.
260 _aMéxico :
_bCentro Regional de Ayuda Técnica,
_bFondo Educativo Interamericano,
_c1973.
300 _a286 p. :
_bil. ;
_c28 cm.
490 1 _aTeoría y problemas con solución
_v2946
650 4 _aAnálisis vectorial
_949187
650 4 _aVectores
_949188
650 4 _aAlgebra vectorial
_949189
650 4 _aEspacios vectoriales
_949190
700 1 _aMehra, Raj
_eed.
_949191
700 1 _aAlfonso Castillo, Hernando
_etr.
_949192
700 1 _aGómez Daza, Alejandro Montes
_etr.
_949193
830 0 _aTeoría y problemas con solución ;
_v2946
_949194
049 _aBNGR
999 _c23409
_d23409